000 00687nam a2200205 4500
001 138308
003 ES-MaACL
005 20250925063044.0
007 t|
008 070214s1968 sp r ||||1| val d
100 1 _aSanchis Guarner, Manuel,
_d1911-1981
_9103013
245 1 3 _aLa renaixença al País Valenciáa
_b: estudi per generacions /
_cM. Sanchís Guarner.
250 _a1ª ed.
260 _aBarcelona :
_bEd. 62,
_c1968 (
_eValencia :
_fOrtiza)
300 _a157 p. ;
_c18 cm.
490 1 _aTres i quatre. Sèrie La unitat ;
_v2
830 0 _aTres i quatre. Sèrie La unitat ;
_v2
_9220149
852 _aES-MaACL
_jC-53347
_bR.68373
999 _c138308
_d138308